Chemie et physique appliquées aux travaux publics : (analyses et essais des matériaux de construction) / par J. Malette (analyses et essais des matériaux de construction) / par J. Malette
Descripción Física:
XII, 619 p. : il. ; 19 cm
MARC
| LEADER | 00000nam a2200000Ia 4500 | ||
|---|---|---|---|
| 001 | 18310 | ||
| 008 | 160829s1917 xx 000 0 cat d | ||
| 080 | |a C-2-475 | ||
| 100 | |a Malette, J. |9 23401 | ||
| 245 | |a Chemie et physique appliquées aux travaux publics : |b (analyses et essais des matériaux de construction) / par J. Malette | ||
| 260 | |a Paris : |b H. Dunod et E. Pinat, |c 1917 | ||
| 300 | |a XII, 619 p. : |b il. ; |c 19 cm | ||
| 490 | |a Bibliotheque du conducteur de travaux publics | ||
| 590 | |a Text en francès | ||
| 650 | |a Obres públiques |9 38683 | ||
| 650 | |a Materials de construcció |9 23403 | ||
| 650 | |a Assaigs de materials |9 23404 | ||
| 901 | |a Arxiu | ||
| 942 | |n 1 | ||
| 952 | |0 0 |1 0 |4 0 |6 C2475 |7 1 |9 42694 |a Arxiu |b Arxiu |d 2016-12-01 |l 0 |o C-2-475 |p 18310 |r 2016-12-01 00:00:00 |w 2016-12-01 |y ARXIU | ||
| 999 | |c 45200 |d 45200 | ||